Discografía de WOS - Estadísticas

Estadísticas generales
  • Esta prueba ha sido intentada 160 veces
  • La puntuación promedio es 25 de 39
Estadísticas de respuestas
Álbum Canción % Correcto
Caravana Canguro
87%
Caravana Melón Vino
87%
Caravana Okupa
81%
Oscuro Ëxtasis Contando Ovejas
78%
Descartable Descartable
77%
Tres Puntos Suspensivos Alma Dinamita
76%
Oscuro Ëxtasis Mirá Mamá
74%
Descartable Arrancarmelo
72%
Caravana Luz Delito
72%
Oscuro Ëxtasis Niño Gordo Flaco
70%
Oscuro Ëxtasis Cambiando La Piel
68%
Caravana Fresco
68%
Oscuro Ëxtasis Introducción Al Éxtasis
68%
Descartable Morfeo
66%
Caravana Pantano
66%
Oscuro Ëxtasis Buitres
65%
Descartable Cabezas Cromadas
65%
Tres Puntos Suspensivos Ojeras Negras
65%
Oscuro Ëxtasis Gato Negro
64%
Descartable Quemarás
64%
Oscuro Ëxtasis Convoy Jarana
63%
Oscuro Ëxtasis Culpa
63%
Tres Puntos Suspensivos 40
62%
Oscuro Ëxtasis Que Se Mejoren
62%
Descartable 7/8
61%
Caravana No Va A Bajar
61%
Descartable La Niebla
60%
Oscuro Ëxtasis Lleno de Zafiros
59%
Oscuro Ëxtasis Mugre
58%
Oscuro Ëxtasis Pared De Cristal
57%
Descartable Nuevas Coordenadas
55%
Descartable Ermitaño
54%
Descartable Melancolía
54%
Descartable Pausa
54%
Descartable La Cochería
52%
Descartable Sur
51%
Descartable Que Se Haga Tarde
47%
Descartable Estímulo
45%
Descartable Caída Libre
44%
No se encontraron pruebas coincidentes
Distribución de puntuación
Porcentaje de gente con cada puntuación
Porcentaje por número respondido
Historial de tus puntuaciones
No has intentado esta prueba.